[Event "Eastpointe (MI Action/4/25)"]
[Site "?"]
[Date "1993.??.??"]
[Round "?"]
[White "Aldrich, Justin"]
[Black "Kielb, M."]
[Result "0-1"]
[WhiteElo "1605"]
[BlackElo "1605"]
[PlyCount "40"]
[EventDate "1993.??.??"]

{4/(25)} 1. e4 c5 2. Nc3 d6 3. Nf3 Nc6 4. Bc4 e6 5. d4 cxd4 6. Nxd4 Qb6 7. Nxc6
bxc6 8. Qf3 Bb7 9. Be3 Qxb2 10. Rb1 Qxc3+ 11. Kd1 Qxc4 12. Rxb7 f6 13. Bxa7 Qa6
14. Rb8+ Rxb8 15. Bxb8 Qxa2 16. Kd2 d5 17. exd5 Bb4+ 18. Kd3 cxd5 19. Qg3 Qc4+
20. Ke3 Qe4# 0-1

[Event "Lansing (MI Am/5)"]
[Site "?"]
[Date "1993.??.??"]
[Round "?"]
[White "Aldrich, Justin"]
[Black "Gregg, Ted"]
[Result "0-1"]
[WhiteElo "1605"]
[BlackElo "1605"]
[PlyCount "110"]
[EventDate "1993.??.??"]

1. e4 e6 2. Nf3 d5 3. Nc3 Nc6 4. Bb5 Nge7 5. d4 Bd7 6. a3 a6 7. Bxc6 Nxc6 8.
exd5 exd5 9. Nxd5 Bg4 10. Qe2+ Be7 11. Qe4 Bxf3 12. Qxf3 Nxd4 13. Qe4 Nxc2+ 14.
Qxc2 Qxd5 15. O-O O-O-O 16. Bf4 Bd6 17. Rad1 Qc5 18. Qxc5 Bxc5 19. b4 Bd6 20.
Bxd6 Rxd6 21. Rxd6 cxd6 22. Rc1+ Kd7 23. h3 Rc8 24. Rxc8 Kxc8 25. a4 Kc7 26. f4
Kc6 27. Kf2 Kd5 28. Ke3 Kc4 29. b5 axb5 30. axb5 Kxb5 31. Kd4 Kc6 32. g4 b5 33.
f5 f6 34. h4 d5 35. g5 b4 36. gxf6 gxf6 37. h5 h6 38. Kd3 Kd6 39. Kd4 b3 40.
Kc3 Ke5 41. Kxb3 Kxf5 42. Kc3 Ke4 43. Kd2 f5 44. Ke2 f4 45. Kf2 d4 46. Ke2 d3+
47. Kd2 f3 48. Ke1 Ke3 49. Kf1 d2 50. Kg1 d1=Q+ 51. Kh2 Qe2+ 52. Kg3 Qg2+ 53.
Kh4 Qg5+ 54. Kh3 Kf2 55. Kh2 Qg2# 0-1

[Event "Eastpointe (MI Action/2/23)"]
[Site "?"]
[Date "1993.??.??"]
[Round "?"]
[White "Aldrich, Justin"]
[Black "Gramlich, Allen"]
[Result "0-1"]
[WhiteElo "1605"]
[BlackElo "1605"]
[PlyCount "64"]
[EventDate "1993.??.??"]

{2/(23)} 1. e4 d6 2. Nf3 Nf6 3. Bc4 Nxe4 4. Qe2 Nf6 5. Ng5 d5 6. Bb3 h6 7. Nf3
Bg4 8. h3 Bxf3 9. Qxf3 e6 10. d3 Bd6 11. O-O Nc6 12. c4 Nd4 13. Qd1 dxc4 14.
dxc4 O-O 15. Be3 Bc5 16. Qd2 Nxb3 17. Qxd8 Rfxd8 18. Bxc5 Nxa1 19. Nc3 Nc2 20.
Rc1 Nd4 21. Bxd4 Rxd4 22. Nb5 Re4 23. f3 Rf4 24. Kf2 Rf5 25. Nxc7 Rc8 26. Nb5
Rxb5 27. a4 Rxb2+ 28. Kg3 g6 29. h4 Nh5+ 30. Kh3 e5 31. g4 Nf4+ 32. Kg3 Rg2#
0-1

[Event "Lansing (MI Am/2)"]
[Site "?"]
[Date "1993.??.??"]
[Round "?"]
[White "Aldrich, Justin"]
[Black "Bezrutch, B."]
[Result "1-0"]
[WhiteElo "1605"]
[BlackElo "1605"]
[PlyCount "43"]
[EventDate "1993.??.??"]

1. e4 c5 2. Nc3 Nc6 3. Nf3 d6 4. Bc4 e6 5. O-O Nf6 6. d3 g6 7. Bg5 Bg7 8. Re1
O-O 9. e5 dxe5 10. Nxe5 Nxe5 11. Rxe5 b6 12. Qf3 Rb8 13. Ne4 Qd4 14. Nxf6+ Kh8
15. Qh3 h5 16. Qe3 Qxb2 17. Re1 Qxc2 18. Qf4 Qa4 19. Bh6 Rd8 20. Rxh5 gxh5 21.
Qg5 Bxf6 22. Qxf6+ 1-0

[Event "Lansing (MI Am/4)"]
[Site "?"]
[Date "1993.??.??"]
[Round "?"]
[White "Aldrich, Jeff"]
[Black "Wilson, D."]
[Result "1-0"]
[WhiteElo "1900"]
[BlackElo "1625"]
[PlyCount "91"]
[EventDate "1993.??.??"]

1. d4 d5 2. c4 Nf6 3. Nc3 e6 4. Bg5 c6 5. e3 Nbd7 6. Nf3 h6 7. Bh4 Bb4 8. Qc2
g5 9. Bg3 Ne4 10. Bd3 f5 11. Bxe4 fxe4 12. Ne5 Nxe5 13. Bxe5 Rf8 14. O-O Bd6
15. Bxd6 Qxd6 16. f3 dxc4 17. Nxe4 Qc7 18. Qxc4 Bd7 19. Nc5 Rf6 20. b4 b5 21.
Qb3 Ke7 22. Qc2 Raf8 23. Ne4 R6f7 24. Qc5+ Kd8 25. a4 a6 26. axb5 Rf5 27. b6
Qb8 28. Qc4 Qxb6 29. Rxa6 Qb5 30. Qa2 Qd3 31. Re1 h5 32. Nd6 Rd5 33. Ra3 Qg6
34. Nc4 g4 35. Ne5 Qg7 36. Qf2 gxf3 37. Ra8+ Kc7 38. Rxf8 Qxf8 39. Qxf3 Qxb4
40. Qg3 Kb7 41. Nd3 Qb5 42. Nc5+ Rxc5 43. dxc5 Qxc5 44. Rb1+ Ka6 45. Qb8 Qxe3+
46. Kh1 1-0

[Event "Eastpointe (MI Action/4/13)"]
[Site "?"]
[Date "1993.??.??"]
[Round "?"]
[White "Aldrich, Jeff"]
[Black "West, Tony"]
[Result "1-0"]
[WhiteElo "1950"]
[BlackElo "1605"]
[PlyCount "90"]
[EventDate "1993.??.??"]

{4/(13)} 1. d4 Nf6 2. c4 g6 3. Nc3 Bg7 4. e4 d6 5. f4 e5 6. dxe5 dxe5 7. Qxd8+
Kxd8 8. Nf3 exf4 9. Bxf4 Re8 10. O-O-O+ Bd7 11. Ng5 Re7 12. Be2 h6 13. Nh3 Nxe4
14. Nxe4 Rxe4 15. Bd3 Rd4 16. Be3 Rd6 17. Nf4 Nc6 18. Bc5 Rf6 19. Nd5 Re6 20.
Rhf1 b6 21. Ba3 f5 22. g4 Re5 23. gxf5 gxf5 24. Rg1 Bh8 25. Rg8+ Re8 26. Rxe8+
Bxe8 27. Bxf5 Be5 28. Nxb6+ Bd6 29. Nxa8 Bd7 30. Bxd7 Kxd7 31. c5 Ne5 32. cxd6
cxd6 33. Rxd6+ Kc8 34. Rxh6 Kb8 35. Rh8+ Kb7 36. Bd6 Nd3+ 37. Kd2 Nxb2 38. Kc3
Nd1+ 39. Kb4 Kc6 40. Bc5 Nb2 41. Rh6+ Kb7 42. Ka5 Nc4+ 43. Kb5 Ne5 44. Rh7+ Kc8
45. Bxa7 Kd8 1-0

[Event "Flint (Class A/3)"]
[Site "?"]
[Date "1993.??.??"]
[Round "?"]
[White "Aldrich, Jeff"]
[Black "Spooner, Frank"]
[Result "1/2-1/2"]
[WhiteElo "1945"]
[BlackElo "1835"]
[PlyCount "123"]
[EventDate "1993.??.??"]

1. d4 Nf6 2. c4 e6 3. Nc3 Bb4 4. Qc2 c5 5. Nf3 d5 6. e3 Nc6 7. a3 Bxc3+ 8. bxc3
O-O 9. Bd3 h6 10. O-O cxd4 11. cxd4 b6 12. cxd5 Qxd5 13. e4 Qd7 14. Bb5 Nxd4
15. Nxd4 Qxd4 16. Bb2 Qc5 17. Qxc5 bxc5 18. Bxf6 gxf6 19. Bc6 Ba6 20. Rfc1 Rab8
21. Rxc5 Rfc8 22. Rac1 Rb6 23. f3 Rd8 24. R1c2 Rd1+ 25. Kf2 Bd3 26. Ra2 f5 27.
exf5 Bxf5 28. Bb5 Rbd6 29. a4 a6 30. Be2 R1d2 31. Rxd2 Rxd2 32. Ke3 Rd6 33. Ra5
Bc2 34. Bxa6 Rb6 35. Bb5 Bb3 36. Kd4 Rd6+ 37. Kc3 Bd5 38. Ra6 Rd8 39. Kb2 Kg7
40. Rb6 Kf6 41. Bc6 Rd6 42. Bxd5 Rxb6+ 43. Bb3 Ke5 44. Kc3 Kd6 45. Bc4 Kc5 46.
Bb5 Rb8 47. Kd3 f6 48. Ke3 Rd8 49. h3 Rd6 50. g4 Rd4 51. Be8 e5 52. Bb5 Kb4 53.
Kf2 Rf4 54. Kg3 f5 55. Bd7 fxg4 56. hxg4 Rf7 57. Bc6 Rf6 58. Bd7 Rg6 59. Bb5
Rg5 60. Kh4 Kc5 61. Be8 Kb4 62. Bb5 1/2-1/2

[Event "Flint (Class A/1)"]
[Site "?"]
[Date "1993.??.??"]
[Round "?"]
[White "Aldrich, Jeff"]
[Black "Smith, Mike A"]
[Result "0-1"]
[WhiteElo "1945"]
[BlackElo "1860"]
[PlyCount "146"]
[EventDate "1993.??.??"]

1. d4 Nf6 2. c4 c5 3. d5 b5 4. cxb5 a6 5. bxa6 Bxa6 6. Nc3 g6 7. g3 Bg7 8. Bg2
d6 9. Nf3 O-O 10. O-O Nbd7 11. Re1 Qc7 12. Rb1 Rfb8 13. Qc2 Bc4 14. Nd2 Nb6 15.
e4 Bxa2 16. Nxa2 Rxa2 17. Nc4 Nxc4 18. Qxc4 Qa5 19. Bd2 Qa4 20. Qxa4 Rxa4 21.
Bc3 Nd7 22. f4 Bd4+ 23. Bxd4 Rxd4 24. Kf2 Nf6 25. h3 Rbb4 26. e5 Nxd5 27. Bxd5
Rxd5 28. exd6 exd6 29. Red1 Rxd1 30. Rxd1 Rxb2+ 31. Ke3 Rb3+ 32. Kf2 Rb6 33. g4
c4 34. Ke3 Rb3+ 35. Kd4 Rd3+ 36. Rxd3 cxd3 37. Kxd3 Kf8 38. Kd4 Ke7 39. Kd5 Kd7
40. h4 f5 41. gxf5 gxf5 42. Kd4 Kc6 43. h5 h6 44. Kc4 d5+ 45. Kb4 Kd6 46. Kb5
Kd7 47. Kc5 Ke6 48. Kb4 d4 49. Kc4 d3 50. Kxd3 Kd5 51. Ke3 Kc4 52. Ke2 Kd4 53.
Kf3 Kd3 54. Kf2 Ke4 55. Kg3 Ke3 56. Kh3 Kf3 57. Kh4 Kxf4 58. Kh3 Kf3 59. Kh4 f4
60. Kh3 Ke2 61. Kg4 f3 62. Kf5 f2 63. Kg6 f1=Q 64. Kxh6 Qg2 65. Kh7 Qg5 66. h6
Ke3 67. Kh8 Qxh6+ 68. Kg8 Qg6+ 69. Kh8 Qg5 70. Kh7 Ke4 71. Kh8 Ke5 72. Kh7 Kf6
73. Kh8 Qg7# 0-1

[Event "Eastpointe (MI Action/6/14)"]
[Site "?"]
[Date "1993.??.??"]
[Round "?"]
[White "Aldrich, Jeff"]
[Black "Smith, Ed"]
[Result "1-0"]
[WhiteElo "1950"]
[BlackElo "1820"]
[PlyCount "63"]
[EventDate "1993.??.??"]

{6/(14)} 1. e4 c5 2. c3 Nc6 3. d4 cxd4 4. cxd4 d6 5. Nf3 Nf6 6. Nc3 e6 7. Bg5
Be7 8. Bd3 h6 9. Bh4 O-O 10. O-O a6 11. Rc1 Nb4 12. Bb1 Ne8 13. Bxe7 Qxe7 14.
a3 Nc6 15. e5 f5 16. exf6 Nxf6 17. Re1 g5 18. d5 Nd8 19. dxe6 Bxe6 20. Nd4 Qf7
21. Nxe6 Nxe6 22. Ba2 d5 23. Nxd5 Nxd5 24. Bxd5 Qxf2+ 25. Kh1 Rae8 26. Rxe6 Rd8
27. Qd3 Rxd5 28. Qg6+ Kh8 29. Qxh6+ Kg8 30. Rg6+ Kf7 31. Qh7+ Ke8 32. Re6+ 1-0

[Event "East Lansing (MI Op/6/12)"]
[Site "?"]
[Date "1993.??.??"]
[Round "?"]
[White "Aldrich, Jeff"]
[Black "Moody, David"]
[Result "1-0"]
[WhiteElo "1900"]
[BlackElo "2070"]
[PlyCount "65"]
[EventDate "1993.??.??"]

{6/(12)} 1. d4 Nf6 2. c4 c5 3. d5 e6 4. Nc3 exd5 5. cxd5 d6 6. e4 g6 7. Bg5 Bg7
8. f4 O-O 9. Nf3 Qa5 10. Nd2 Re8 11. Bb5 Rxe4+ 12. Ncxe4 Nxe4 13. Bd3 Bg4 14.
Qc2 Nxd2 15. Qxd2 Nc6 16. Qxa5 Re8+ 17. Kd2 Nxa5 18. Rhe1 Rxe1 19. Rxe1 Bxb2
20. Be7 Ba3 21. Bf6 Bb4+ 22. Bc3 Bxc3+ 23. Kxc3 a6 24. Re8+ Kg7 25. Rd8 b5 26.
Rxd6 b4+ 27. Kd2 c4 28. Rxa6 c3+ 29. Kc2 Nb7 30. Rb6 Nc5 31. Rxb4 Bd1+ 32. Kxd1
Nxd3 33. Rd4 1-0

[Event "Lansing (MI Am/2)"]
[Site "?"]
[Date "1993.??.??"]
[Round "?"]
[White "Aldrich, Jeff"]
[Black "McGrath, Michael"]
[Result "1-0"]
[WhiteElo "1900"]
[BlackElo "1640"]
[PlyCount "61"]
[EventDate "1993.??.??"]

1. d4 f5 2. c4 Nf6 3. Nc3 d6 4. Nf3 g6 5. Rb1 Bg7 6. g3 O-O 7. Bg2 Nc6 8. d5
Ne5 9. b3 Nfd7 10. Nb5 Nc5 11. Bb2 a6 12. Nbd4 Rb8 13. O-O e6 14. Nd2 Nf7 15.
b4 e5 16. bxc5 exd4 17. Nb3 dxc5 18. Nxc5 Ne5 19. Qb3 Qd6 20. Ba3 Qb6 21. Qa4
Qf6 22. Ne6 Bxe6 23. dxe6 b5 24. cxb5 axb5 25. Rxb5 Rxb5 26. Qxb5 Rc8 27. Qb7
Re8 28. Rc1 Re7 29. Bxe7 Qxe7 30. Rxc7 Qf6 31. e7 1-0

[Event "Eastpointe (MI Action/2/14)"]
[Site "?"]
[Date "1993.??.??"]
[Round "?"]
[White "Aldrich, Jeff"]
[Black "Ifill, Don"]
[Result "0-1"]
[WhiteElo "1950"]
[BlackElo "1800"]
[PlyCount "53"]
[EventDate "1993.??.??"]

{2/(14)} 1. d4 g6 2. c4 Bg7 3. Nc3 b6 4. Nf3 Bb7 5. e3 d6 6. Be2 Nd7 7. O-O
Ngf6 8. b3 O-O 9. Bb2 a6 10. Qc2 Rc8 11. Rad1 c5 12. d5 Qc7 13. Nd2 Rfe8 14. f4
Rb8 15. f5 Bc8 16. fxg6 fxg6 17. Nce4 Rf8 18. Ng5 Ne5 19. Bxe5 dxe5 20. Bd3 Bd7
21. Nde4 Ng4 22. Qe2 Rbd8 23. h3 Nh6 24. Bb1 Nf5 25. Nxh7 Kxh7 26. Ng5+ Kg8 27.
Bxf5 0-1

[Event "East Lansing (MI Op/1b/7)"]
[Site "?"]
[Date "1993.??.??"]
[Round "?"]
[White "Aldrich, Jeff"]
[Black "Hankinson, Chris"]
[Result "0-1"]
[WhiteElo "1900"]
[BlackElo "2155"]
[PlyCount "80"]
[EventDate "1993.??.??"]

1. d4 d5 2. c4 Nc6 3. Nf3 Bg4 4. e3 e6 5. Nc3 Nf6 6. h3 Bh5 7. Be2 dxc4 8. Qa4
Qd7 9. Qxc4 Bg6 10. Bd2 Bd6 11. Rc1 O-O 12. a3 Rfe8 13. O-O Rad8 14. Rfd1 e5
15. dxe5 Nxe5 16. Nxe5 Rxe5 17. Bf3 c6 18. Ne2 Bb8 19. Nf4 Qc7 20. Bc3 Ree8 21.
b4 Ne4 22. Ba1 Nd6 23. Qc3 f6 24. Nd5 Qf7 25. Nf4 Nb5 26. Qc5 Bd6 27. Rxd6 Nxd6
28. Nxg6 hxg6 29. a4 a6 30. Be2 Kh7 31. Bd3 Ne4 32. Qc2 f5 33. g4 Qe7 34. Bd4
Qg5 35. Kh2 Qh4 36. Bxe4 fxe4 37. Rg1 Rf8 38. Rg3 Rf7 39. Qxe4 Rxf2+ 40. Rg2
Rdf8 0-1

[Event "East Lansing (MI Op/3/21)"]
[Site "?"]
[Date "1993.??.??"]
[Round "?"]
[White "Aldrich, Jeff"]
[Black "Fuller, William"]
[Result "0-1"]
[WhiteElo "1900"]
[BlackElo "2020"]
[PlyCount "96"]
[EventDate "1993.??.??"]

{3/(21)} 1. d4 Nf6 2. c4 e6 3. Nc3 Bb4 4. Qc2 c5 5. Nf3 Nc6 6. e3 d5 7. dxc5
Ne4 8. Bd2 Nxd2 9. Nxd2 d4 10. Nb5 dxe3 11. Nd6+ Kf8 12. fxe3 Bxc5 13. N6e4
Bxe3 14. O-O-O e5 15. Kb1 Bf5 16. Nf3 Qa5 17. a3 Nd4 18. Qd3 Qa4 19. Be2 Nxe2
20. Qd6+ Kg8 21. Qd8+ Qe8 22. Qd3 Nf4 23. Qxe3 Qc6 24. Nfd2 Nxg2 25. Qf3 Nf4
26. Ka1 f6 27. Rhg1 Rd8 28. Qg3 g6 29. Nc3 Rd3 30. Qf2 a6 31. h4 Kf7 32. Qh2
Rhd8 33. Ncb1 b5 34. cxb5 Qxb5 35. Rc1 R8d7 36. Rgf1 Rb7 37. Nc4 Be6 38. Qc2
Bxc4 39. Qxc4+ Qxc4 40. Rxc4 Rh3 41. Rc6 Rh2 42. b4 f5 43. Rxa6 Rc7 44. Rd1
Rcc2 45. Nc3 Rxc3 46. b5 Nd5 47. Rd6 Rxa3+ 48. Kb1 Nc3+ 0-1

[Event "Flint (Class A/5)"]
[Site "?"]
[Date "1993.??.??"]
[Round "?"]
[White "Aldrich, Jeff"]
[Black "Emke, Robert"]
[Result "0-1"]
[WhiteElo "1945"]
[BlackElo "1935"]
[PlyCount "48"]
[EventDate "1993.??.??"]

1. d4 e6 2. e4 d5 3. Nd2 c5 4. c3 dxe4 5. Nxe4 cxd4 6. Qxd4 Qxd4 7. cxd4 Bb4+
8. Bd2 Bxd2+ 9. Nxd2 Nc6 10. Ngf3 Nge7 11. O-O-O O-O 12. Ne4 Rd8 13. Nc5 b6 14.
Nb3 Bb7 15. Rg1 Rac8 16. Kb1 Nb4 17. Ne5 Be4+ 18. Bd3 Nxd3 19. Nxd3 Nc6 20. Ka1
Nxd4 21. Nxd4 Rxd4 22. Nf4 Rxd1+ 23. Rxd1 e5 24. Nd5 Bxd5 0-1

[Event "Troy (TCC/A/4/7)"]
[Site "?"]
[Date "1993.??.??"]
[Round "?"]
[White "Accad, W."]
[Black "Manion, Tom"]
[Result "1-0"]
[WhiteElo "1900"]
[BlackElo "1835"]
[PlyCount "77"]
[EventDate "1993.??.??"]

{4/(7)} 1. e4 Nf6 2. e5 Nd5 3. d4 c5 4. Bc4 Nb6 5. Bxf7+ Kxf7 6. dxc5 Na4 7.
Be3 Qa5+ 8. Nd2 Nxc5 9. Ngf3 Ne6 10. O-O Qd5 11. c4 Qd3 12. Rc1 h6 13. Rc3 Qh7
14. Nh4 Nc6 15. f4 Nc7 16. Qh5+ g6 17. Qf3 e6 18. Ne4 Be7 19. Bf2 b6 20. a3 Bb7
21. Nd6+ Bxd6 22. exd6 Ne8 23. Qd3 g5 24. f5 e5 25. Qd5+ Kf6 26. Ng6 Rg8 27.
Bg3 Rxg6 28. fxg6+ Kxg6 29. Qe4+ Kg7 30. Bxe5+ Nxe5 31. Qxe5+ Kg8 32. Re3 Ng7
33. Qf6 Nh5 34. Qd4 Bc6 35. Rfe1 Rf8 36. g4 Qf7 37. R3e2 Qg6 38. gxh5 Qxh5 39.
Re7 {[1-0,41?]} 1-0

[Event "Troy (TCC/A/1b/6)"]
[Site "?"]
[Date "1993.??.??"]
[Round "?"]
[White "Accad, W."]
[Black "Mammen, B."]
[Result "0-1"]
[WhiteElo "1900"]
[BlackElo "1800"]
[PlyCount "63"]
[EventDate "1993.??.??"]

1. d4 Nf6 2. Nf3 g6 3. b3 Bg7 4. Bb2 O-O 5. Nbd2 c5 6. e3 cxd4 7. exd4 d5 8.
Bd3 Nc6 9. a3 a6 10. O-O b5 11. Rc1 Qb6 12. Re1 Bg4 13. h3 Bxf3 14. Nxf3 e6 15.
Qd2 Rab8 16. Rb1 Rfd8 17. Ba1 Ne4 18. Bxe4 dxe4 19. Rxe4 Rd5 20. Rd1 Na5 21.
Qd3 Rc8 22. Bc3 Nb7 23. Ba1 Nd6 24. Re2 Rd8 25. c4 bxc4 26. bxc4 Ra5 27. c5 Qb5
28. cxd6 Qxd3 29. Rxd3 Rxd6 30. Rb3 h6 31. Rb8+ Kh7 32. Bb2 0-1

[Event "Wayne County Open"]
[Site "?"]
[Date "1993.01.09"]
[Round "3.7"]
[White "Ridella, Dennis"]
[Black "Aldrich, Jeff"]
[Result "1/2-1/2"]
[WhiteElo "1700"]
[BlackElo "1947"]
[PlyCount "146"]
[EventDate "1993.??.??"]

1. e4 c6 2. d4 d5 3. Nc3 dxe4 4. Nxe4 Nd7 5. Bc4 Ngf6 6. Ng3 e6 7. Nf3 Be7 8.
O-O O-O 9. c3 c5 10. h3 Nb6 11. Bb3 Bd7 12. Re1 Re8 13. Ne4 cxd4 14. Nxd4 Qc7
15. Qf3 Rad8 16. Bf4 e5 17. Ng5 exf4 18. Nxf7 Kf8 19. Nxd8 Rxd8 20. Ne6+ Bxe6
21. Rxe6 Nc4 22. Bxc4 Qxc4 23. Rae1 Bc5 24. Qxb7 Nh5 25. Qe4 Qxe4 26. R6xe4 Rd2
27. R4e2 Rxe2 28. Rxe2 Nf6 29. Re5 Bb6 30. a4 Kf7 31. b4 g6 32. Kf1 Nd7 33. Re4
g5 34. c4 Kf6 35. c5 Bc7 36. Ke2 Ne5 37. b5 Ke6 38. Rb4 Kd5 39. b6 Bb8 40. Rb5
Kc6 41. Ra5 axb6 42. cxb6 Kxb6 43. Rb5+ Ka7 44. a5 Bc7 45. Rc5 Bd6 46. Rc8 Ka6
47. Ra8+ Kb5 48. a6 Kb6 49. a7 Nc6 50. Rh8 Kxa7 51. Rxh7+ Kb6 52. Rg7 Be7 53.
Kf3 Kc5 54. Ke4 Kd6 55. Kf5 Nd4+ 56. Kg4 Ne6 57. Rg6 Ke5 58. g3 Bf6 59. h4 fxg3
60. fxg3 gxh4 61. gxh4 Nf8 62. Rg8 Be7 63. h5 Kf6 64. h6 Kf7 65. Rg7+ Kf6 66.
Kh5 Ke6 67. Rg8 Kf7 68. Rg2 Bd6 69. Rg7+ Ke8 70. Ra7 Be5 71. Ra4 Kf7 72. Rg4
Bf6 73. Rf4 Nh7 1/2-1/2

[Event "Wayne County Open"]
[Site "?"]
[Date "1993.01.09"]
[Round "1.11"]
[White "Cannon, Gregory"]
[Black "Aldrich, Jeff"]
[Result "0-1"]
[WhiteElo "1291"]
[BlackElo "1947"]
[PlyCount "70"]
[EventDate "1993.??.??"]

1. d4 d5 2. c4 e6 3. Nf3 Nf6 4. g3 c6 5. Bg2 Be7 6. O-O O-O 7. Qc2 Nbd7 8. Bf4
dxc4 9. Qxc4 Nb6 10. Qc2 Nbd5 11. Nc3 Bd7 12. e4 Nxf4 13. gxf4 Rc8 14. Rad1 Qa5
15. Ne5 Rfd8 16. Nc4 Qh5 17. Ne5 Ng4 18. Nf3 c5 19. h3 Nf6 20. d5 exd5 21. Nxd5
Nxd5 22. Rxd5 Qh6 23. Rfd1 Bxh3 24. Rxd8+ Rxd8 25. Rxd8+ Bxd8 26. Qd3 Bb6 27.
Ng5 Bxg2 28. Kxg2 Qg6 29. Qd5 h6 30. Qxf7+ Qxf7 31. Nxf7 Kxf7 32. Kg3 Kf6 33.
Kg4 c4 34. f3 Bd4 35. e5+ Ke6 0-1

[Event "Wayne County Open"]
[Site "?"]
[Date "1993.01.09"]
[Round "2.3"]
[White "Aldrich, Jeff"]
[Black "Finegold, Mark"]
[Result "0-1"]
[WhiteElo "1947"]
[BlackElo "2240"]
[PlyCount "126"]
[EventDate "1993.??.??"]

1. d4 d5 2. c4 e6 3. Nc3 c6 4. Nf3 Nf6 5. Bg5 h6 6. Bh4 dxc4 7. a4 Bb4 8. e3 b5
9. Nd2 Bd7 10. Qf3 g5 11. Bg3 Nd5 12. e4 Nxc3 13. bxc3 Be7 14. e5 Qa5 15. Be2
b4 16. Nxc4 Qd5 17. Qd3 Bc8 18. Bf3 Qd7 19. Rb1 bxc3 20. Qxc3 O-O 21. Na5 Ba6
22. h4 Rd8 23. Rd1 Qc7 24. hxg5 Qb6 25. Nc4 Bb4 26. Nxb6 Bxc3+ 27. Rd2 axb6 28.
Bf4 Rxd4 29. Be3 Bxd2+ 30. Bxd2 Rxd2 31. Kxd2 hxg5 32. Rh5 Bc4 33. Rxg5+ Kf8
34. Rh5 Bd5 35. Bd1 c5 36. Kc3 Nd7 37. g4 Ke7 38. Bc2 Bc6 39. f4 Bxa4 40. Be4
Rb8 41. Rh7 b5 42. g5 b4+ 43. Kb2 Nf8 44. Rg7 Ke8 45. Rg8 c4 46. g6 fxg6 47.
Bxg6+ Kd7 48. Rg7+ Kc6 49. Be4+ Kc5 50. Ra7 c3+ 51. Kc1 Bd7 52. Kc2 Kd4 53. Bh7
b3+ 54. Kc1 b2+ 55. Kb1 Bc6 56. Bc2 Ra8 57. Rxa8 Bxa8 58. f5 Kxe5 59. fxe6 Nxe6
60. Ka2 Be4 61. Kb3 Bxc2+ 62. Kxc2 Kd4 63. Kb1 Kd3 0-1

[Event "Wayne County Open"]
[Site "?"]
[Date "1993.01.10"]
[Round "6.5"]
[White "Steverson, Bunnard"]
[Black "Aldrich, Jeff"]
[Result "1-0"]
[WhiteElo "1899"]
[BlackElo "1947"]
[PlyCount "147"]
[EventDate "1993.??.??"]

1. d4 d5 2. Nf3 Nf6 3. e3 e6 4. Bd3 c5 5. c3 Nc6 6. O-O Qc7 7. Nbd2 Bd6 8. Re1
O-O 9. e4 dxe4 10. Nxe4 Nxe4 11. Bxe4 Bd7 12. Bc2 Rfd8 13. Qd3 g6 14. Bg5 Be7
15. Bxe7 Nxe7 16. Qe3 Bc6 17. Be4 Bxe4 18. Qxe4 Nf5 19. dxc5 Qxc5 20. Rad1 b5
21. Ne5 Qb6 22. Nd7 Qc7 23. Qd3 a6 24. Re2 Ne7 25. Red2 Nc6 26. Qd6 Qxd6 27.
Rxd6 Rac8 28. f3 Kg7 29. Nc5 a5 30. Rxd8 Rxd8 31. Rxd8 Nxd8 32. a4 bxa4 33.
Nxa4 Nc6 34. Kf2 e5 35. Ke3 f5 36. Kd3 Kf6 37. Nc5 Ke7 38. Kc4 Kd6 39. b4 axb4
40. cxb4 Ne7 41. b5 Nc8 42. Na4 h5 43. h4 Ne7 44. Nc3 f4 45. Ne4+ Kc7 46. Kc5
Nf5 47. b6+ Kb8 48. Kc6 Nd4+ 49. Kd5 Kb7 50. Kxe5 Ne2 51. Nc5+ Kxb6 52. Nd7+
Kc7 53. Nf8 Kd8 54. Nxg6 Ke8 55. Nxf4 Ng3 56. Kf6 Kf8 57. Kg5 Kf7 58. Nxh5 Ne2
59. g4 Nd4 60. Kf4 Kg6 61. Ke4 Nc6 62. Nf4+ Kh6 63. g5+ Kh7 64. h5 Nd8 65. Kf5
Nc6 66. Ne6 Ne7+ 67. Kf6 Ng8+ 68. Kf7 Kh8 69. f4 Kh7 70. f5 Kh8 71. f6 Kh7 72.
g6+ Kh8 73. g7+ Kh7 74. Ng5+ 1-0

[Event "Wayne County Open"]
[Site "?"]
[Date "1993.01.10"]
[Round "5.5"]
[White "Chehayeb, Sal"]
[Black "Aldrich, Jeff"]
[Result "1-0"]
[WhiteElo "2124"]
[BlackElo "1947"]
[PlyCount "49"]
[EventDate "1993.??.??"]

1. e4 c6 2. d4 d5 3. exd5 cxd5 4. c4 Nf6 5. Nc3 e6 6. c5 Nc6 7. f4 Bd7 8. Nf3
b6 9. cxb6 Qxb6 10. Be2 Bd6 11. O-O O-O 12. Kh1 Rac8 13. a3 a5 14. Nb5 Bb8 15.
a4 Ne4 16. Ra3 Nb4 17. Ne5 Bxe5 18. fxe5 Nc2 19. Rh3 Bxb5 20. Bxb5 Qxd4 21. Qh5
f5 22. Qxh7+ Kf7 23. Qh5+ Kg8 24. Bd7 Rc6 25. Be8 1-0

[Event "Wayne County Open"]
[Site "?"]
[Date "1993.01.10"]
[Round "4.8"]
[White "Aldrich, Jeff"]
[Black "Raupp, Kenneth L"]
[Result "1-0"]
[WhiteElo "1947"]
[BlackElo "1652"]
[PlyCount "93"]
[EventDate "1993.??.??"]

1. d4 e6 2. c4 f5 3. Nc3 Bb4 4. Nf3 Nf6 5. Bd2 b6 6. g3 Bb7 7. Bg2 O-O 8. O-O
d6 9. Qb3 Bxc3 10. Bxc3 Qe8 11. Rad1 Nbd7 12. d5 e5 13. Ng5 Nc5 14. Qc2 Rb8 15.
b4 Qh5 16. h4 h6 17. Nf3 Nce4 18. Nd2 Nxc3 19. Qxc3 g5 20. hxg5 hxg5 21. e4 Ng4
22. Rfe1 Qh2+ 23. Kf1 f4 24. Nf3 Qh5 25. Ke2 fxg3 26. fxg3 Rxf3 27. Qxf3 Rf8
28. Rh1 Rxf3 29. Rxh5 Rf2+ 30. Ke1 Rxg2 31. Rxg5+ Kf7 32. Rxg4 Bc8 33. Rh4 Rxg3
34. Rh7+ Rg7 35. Rxg7+ Kxg7 36. Kf2 Kf7 37. Rc1 Ke7 38. c5 Kd7 39. c6+ Ke7 40.
b5 a6 41. a4 axb5 42. axb5 Bg4 43. Rg1 Bh5 44. Rg7+ Bf7 45. Kg3 Kf6 46. Rh7 Kg6
47. Rh8 1-0

[Event "Michigan Masters/Experts Championship"]
[Site "Flint, Mich."]
[Date "1993.01.16"]
[Round "1"]
[White "Ward, Tom"]
[Black "Moody, David"]
[Result "0-1"]
[WhiteElo "2202"]
[BlackElo "2000"]
[PlyCount "70"]
[EventDate "1993.01.16"]

1. e4 e5 2. Nc3 Nf6 3. Nf3 Bb4 4. a3 Bxc3 5. dxc3 O-O 6. Bg5 d6 7. Bd3 Nbd7 8.
b4 c6 9. O-O Qc7 10. Nd2 d5 11. Qf3 h6 12. Bh4 dxe4 13. Nxe4 Nd5 14. g4 Nf4 15.
Bc4 Nb6 16. Bb3 Nbd5 17. c4 Ne7 18. Rad1 Neg6 19. Bg3 Qe7 20. Bxf4 Nxf4 21. Nd6
Be6 22. Rfe1 Qg5 23. h3 h5 24. Ne4 Qh4 25. Qg3 Nxh3+ 26. Kh2 Qxg4 27. Qxe5 Nf4
28. Qg5 Qh3+ 29. Kg1 Qf3 30. Qg3 Ne2+ 31. Rxe2 Qxe2 32. Rd4 Bg4 33. c5 Bf3 34.
Nf6+ Kh8 35. Rh4 Qe1+ 0-1

[Event "Michigan Masters/Experts Championship"]
[Site "Flint, Mich."]
[Date "1993.01.16"]
[Round "2"]
[White "Drkulec, Vladimir"]
[Black "Moody, David"]
[Result "1-0"]
[WhiteElo "2123"]
[BlackElo "2000"]
[PlyCount "71"]
[EventDate "1993.01.16"]

1. d4 Nf6 2. c4 c5 3. d5 e6 4. Nc3 exd5 5. cxd5 d6 6. e4 g6 7. f4 Bg7 8. Bb5+
Nfd7 9. a4 O-O 10. Nf3 Na6 11. O-O Nc7 12. Bc4 b6 13. Re1 Ba6 14. Bxa6 Nxa6 15.
e5 Re8 16. e6 Nf8 17. exf7+ Kxf7 18. Ng5+ Kg8 19. Rf1 Qe7 20. Bd2 Nb4 21. Qf3
Nc2 22. Rac1 Nd4 23. Qh3 Ne2+ 24. Nxe2 Qxe2 25. Bc3 Qe3+ 26. Qxe3 Rxe3 27. Bxg7
Kxg7 28. Rce1 Rd3 29. Re7+ Kg8 30. Ne4 Rb3 31. f5 Kh8 32. f6 Rd8 33. Ng5 Rd7
34. Nf7+ Kg8 35. Nh6+ Kh8 36. Re8 1-0

[Event "Michigan Masters/Experts Championship"]
[Site "Flint, Mich."]
[Date "1993.01.17"]
[Round "3"]
[White "Moody, David"]
[Black "Johnson, Roger"]
[Result "0-1"]
[WhiteElo "2000"]
[BlackElo "2083"]
[PlyCount "50"]
[EventDate "1993.01.16"]

1. e4 c5 2. c3 Nf6 3. e5 Nd5 4. d4 cxd4 5. Nf3 e6 6. cxd4 b6 7. Bd3 Bb4+ 8. Bd2
Bxd2+ 9. Nbxd2 Ba6 10. Ne4 O-O 11. O-O Bxd3 12. Qxd3 h6 13. a3 Nc6 14. Rac1 f6
15. Nd6 Qe7 16. Nb5 fxe5 17. Nxe5 Nxe5 18. dxe5 Rf5 19. Nc7 Nf4 20. Qe4 Raf8
21. Rcd1 Qg5 22. Kh1 Rxe5 23. Qb7 d5 24. g3 Qh5 25. f3 Re2 0-1